[Event "Roncana op-B 9th"]
[Site "Santa Eulalia de Roncana"]
[Date "2015.10.31"]
[Round "4"]
[White "Lari, Ranim"]
[Black "Garcia Torres, Adolfo"]
[Result "1-0"]
[WhiteElo "1771"]
[BlackElo "1857"]
[PlyCount "97"]
[EventDate "2015.10.03"]
[EventType "swiss"]
[EventRounds "8"]
[EventCountry "ESP"]
[SourceTitle "EXT 2017"]
[Source "ChessBase"]
[SourceDate "2016.10.25"]
[SourceVersion "1"]
[SourceVersionDate "2016.10.25"]
[SourceQuality "1"]

1. e4 c5 2. Nf3 Nc6 3. c3 a6 4. d4 cxd4 5. cxd4 d6 6. d5 Na7 7. Nc3 Bd7 8. Bd3 Nb5 9. Nxb5 Bxb5 10. Bxb5+ axb5 11. 0-0 Nf6 12. Re1 h6 13. Bd2 e5 14. Qb3 Qd7 15. a3 Be7 16. h3 0-0 17. Nh4 Rfc8 18. Nf5 Bf8 19. Qg3 Kh7 20. Rac1 Rxc1 21. Rxc1 Nxe4 22. Qd3 Qxf5 23. Be3 Qg6 24. Qxb5 Rb8 25. Ba7 Re8 26. Qxe8 Ng5 27. Kh2 Kg8 28. Rc8 Nh7 29. Rb8 Qe4 30. Qb5 Nf6 31. Qxb7 Qxd5 32. Qxd5 Nxd5 33. Rd8 Nf4 34. b4 f5 35. b5 Ne6 36. Rd7 Nd4 37. b6 d5 38. b7 Nc6 39. Rxd5 Bxa3 40. b8Q+ Nxb8 41. Bxb8 g5 42. Rxe5 f4 43. Re6 Kh7 44. Bd6 Bb2 45. Bf8 h5 46. Rh6+ Kg8 47. Be7 Be5 48. Rxh5 f3+ 49. g3 1-0

[Event "Llinars del Valles op-B 8th"]
[Site "Llinars del Valles"]
[Date "2015.05.16"]
[Round "6"]
[White "Vera Domingo, Salvador"]
[Black "Lari, Ranim"]
[Result "1/2-1/2"]
[WhiteElo "1725"]
[BlackElo "1818"]
[PlyCount "37"]
[EventDate "2015.04.11"]
[EventType "swiss"]
[EventRounds "9"]
[EventCountry "ESP"]
[SourceTitle "EXT 2016"]
[Source "ChessBase"]
[SourceDate "2015.10.08"]
[SourceVersion "1"]
[SourceVersionDate "2015.10.08"]
[SourceQuality "1"]

1. e4 e5 2. Nf3 Nc6 3. Bc4 Bc5 4. c3 Nf6 5. d4 exd4 6. cxd4 Bb4+ 7. Bd2 Bxd2+ 8. Nfxd2 Nxd4 9. 0-0 d6 10. Nc3 Nc6 11. Re1 0-0 12. Nf3 Bg4 13. h3 Bh5 14. Be2 h6 15. a3 Bg6 16. Qc2 d5 17. Rad1 Qe7 18. Bd3 d4 19. Nd5 1/2-1/2

[Event "Llinars del Valles op-B 8th"]
[Site "Llinars del Valles"]
[Date "2015.05.02"]
[Round "4"]
[White "Espada Espanol, Gil"]
[Black "Lari, Ranim"]
[Result "0-1"]
[WhiteElo "1722"]
[BlackElo "1818"]
[PlyCount "68"]
[EventDate "2015.04.11"]
[EventType "swiss"]
[EventRounds "9"]
[EventCountry "ESP"]
[SourceTitle "EXT 2016"]
[Source "ChessBase"]
[SourceDate "2015.10.08"]
[SourceVersion "1"]
[SourceVersionDate "2015.10.08"]
[SourceQuality "1"]

1. e4 e5 2. Nf3 Nc6 3. Bc4 Bc5 4. c3 Nf6 5. d4 exd4 6. cxd4 Bb4+ 7. Nc3 Nxe4 8. Qe2 Qe7 9. Bd2 Nxd2 10. Qxe7+ Bxe7 11. Kxd2 0-0 12. a3 d6 13. Rhe1 Bf6 14. Nb5 Bd7 15. Rad1 Rac8 16. Kc2 a6 17. Nc3 Bf5+ 18. Kb3 Na5+ 19. Kb4 Nxc4 20. Kxc4 b5+ 21. Kb4 c5+ 22. Kb3 Rfe8 23. Rxe8+ Rxe8 24. dxc5 dxc5 25. Rd5 Be6 26. Ng1 Bxc3 27. Kxc3 Bxd5 28. f3 Re1 29. Nh3 Re2 30. Nf4 Re5 31. Nxd5 Rxd5 32. g3 c4 33. Kb4 Rd3 34. f4 Rb3+ 0-1

[Event "Llinars del Valles op-B 8th"]
[Site "Llinars del Valles"]
[Date "2015.04.11"]
[Round "1"]
[White "Lari, Ranim"]
[Black "Gonzalez Garcia, Sergi"]
[Result "0-1"]
[WhiteElo "1818"]
[BlackElo "1977"]
[PlyCount "126"]
[EventDate "2015.04.11"]
[EventType "swiss"]
[EventRounds "9"]
[EventCountry "ESP"]
[SourceTitle "EXT 2016"]
[Source "ChessBase"]
[SourceDate "2015.10.08"]
[SourceVersion "1"]
[SourceVersionDate "2015.10.08"]
[SourceQuality "1"]

1. e4 e5 2. Nf3 Nc6 3. Bc4 Bc5 4. Nc3 Nf6 5. d3 h6 6. h3 d6 7. Be3 Bb6 8. 0-0 Qe7 9. Bb5 Bd7 10. Nd5 Nxd5 11. exd5 Nb8 12. Bxd7+ Nxd7 13. c4 f5 14. Bxb6 axb6 15. Nd2 0-0 16. f4 exf4 17. Qf3 Qe3+ 18. Qxe3 fxe3 19. Nf3 Rf7 20. Nd4 g6 21. a3 Nc5 22. Rad1 Nb3 23. Nxb3 e2 24. Rde1 exf1Q+ 25. Kxf1 Kg7 26. Nd4 g5 27. Ne6+ Kg6 28. Kg1 Re8 29. Nf4+ gxf4 30. Rxe8 Kf6 31. Kf2 Rg7 32. Re6+ Kg5 33. Kf3 h5 34. Re2 h4 35. Re8 Kf6 36. Rb8 Ke5 37. Rxb7 Rg3+ 38. Kf2 Rxd3 39. Rxc7 Rd2+ 40. Kf3 Rxb2 41. Rc6 Rb3+ 42. Kf2 b5 43. cxb5 Rxb5 44. Rc4 Rxd5 45. a4 Rd2+ 46. Kf3 Rd3+ 47. Kf2 Ra3 48. Ke2 d5 49. Rb4 d4 50. Rb5+ Ke4 51. Rb4 Ra2+ 52. Kf1 Ke3 53. Rb3+ d3 54. Kg1 Rxa4 55. Kh2 Ke2 56. Rb2+ d2 57. Rxd2+ Kxd2 58. Kg1 Ke2 59. Kh1 f3 60. gxf3 Kxf3 61. Kh2 Kf2 62. Kh1 Kg3 63. Kg1 Ra1# 0-1

[Event "Roncana op-B 8th"]
[Site "Santa Eulalia de Roncana"]
[Date "2014.10.11"]
[Round "1"]
[White "Lari, Ranim"]
[Black "Mas Riera, Pere"]
[Result "1/2-1/2"]
[WhiteElo "1858"]
[BlackElo "1735"]
[PlyCount "59"]
[EventDate "2014.10.11"]
[EventType "swiss"]
[EventRounds "8"]
[EventCountry "ESP"]
[SourceTitle "EXT 2016"]
[Source "ChessBase"]
[SourceDate "2015.10.08"]
[SourceVersion "1"]
[SourceVersionDate "2015.10.08"]
[SourceQuality "1"]

1. d4 f5 2. g3 d5 3. Bg2 e6 4. Nf3 Nf6 5. Bf4 Be7 6. e3 0-0 7. 0-0 c5 8. dxc5 Bxc5 9. Nc3 Qd7 10. Ne5 Qe7 11. Qe2 b6 12. Nb5 Ba6 13. a4 Ne4 14. Bxe4 fxe4 15. h4 Nd7 16. Nxd7 Qxd7 17. Rfd1 Bxb5 18. Qxb5 Qxb5 19. axb5 Rf7 20. b3 Re8 21. g4 e5 22. Bg3 d4 23. exd4 Bxd4 24. Ra4 e3 25. fxe3 Bxe3+ 26. Kg2 Bd4 27. Rf1 Rc7 28. c4 Rce7 29. h5 e4 30. Rb1 1/2-1/2

[Event "Catalunya Valles West-ch U10"]
[Site "Catalunya"]
[Date "2013.02.16"]
[Round "4.1"]
[White "Ramon Herraez, Alex"]
[Black "Lari, Ranim"]
[Result "0-1"]
[WhiteElo "1831"]
[BlackElo "1725"]
[PlyCount "68"]
[EventDate "2013.01.26"]
[EventType "swiss"]
[EventRounds "6"]
[EventCountry "ESP"]
[SourceTitle "EXT 2024"]
[Source "ChessBase"]
[SourceDate "2023.10.10"]
[SourceVersion "1"]
[SourceVersionDate "2023.10.10"]
[SourceQuality "1"]

1. Nf3 Nc6 2. d4 d5 3. Bf4 e5 4. Nxe5 Nxe5 5. Bxe5 Qe7 6. Bf4 Qb4+ 7. c3 Qxb2 8. Nd2 Qxc3 9. e3 Bb4 10. Rc1 Qxd2+ 11. Qxd2 Bxd2+ 12. Kxd2 c6 13. Re1 Nf6 14. Bd3 Ne4+ 15. Bxe4 dxe4 16. f3 exf3 17. gxf3 Be6 18. Rhg1 g6 19. Be5 Rg8 20. a3 Rd8 21. Rb1 b6 22. Ke2 Bc4+ 23. Kf2 Rd5 24. Rgc1 Bb5 25. Rd1 Ke7 26. e4 Rd7 27. d5 Rgd8 28. Rbc1 cxd5 29. exd5 Rxd5 30. Rxd5 Rxd5 31. Bf4 Rc5 32. Re1+ Kd7 33. Re2 Bxe2 34. Kxe2 Rc3 0-1

[Event "Barcelona La Lira-C 15th"]
[Site "Barcelona"]
[Date "2012.07.26"]
[Round "6"]
[White "Orts Gonzalez, Rafael"]
[Black "Lari, Ranim"]
[Result "1-0"]
[WhiteElo "1298"]
[BlackElo "1720"]
[PlyCount "77"]
[EventDate "2012.07.21"]
[EventType "tourn"]
[EventRounds "9"]
[EventCountry "ESP"]
[SourceTitle "EXT 2014"]
[Source "ChessBase"]
[SourceDate "2013.11.20"]
[SourceVersion "1"]
[SourceVersionDate "2013.11.20"]
[SourceQuality "1"]

1. d4 Nf6 2. Nf3 d5 3. g3 g6 4. Bg2 Bg7 5. 0-0 0-0 6. Nc3 Nbd7 7. Re1 Re8 8. e4 dxe4 9. Nxe4 Nxe4 10. Rxe4 f5 11. Rh4 Bf6 12. Rh6 Bg7 13. Rh3 e5 14. c3 e4 15. Ne1 Nb6 16. f4 e3 17. Nc2 e2 18. Qe1 Bd7 19. Bxb7 Rb8 20. Ba6 Bc6 21. Ne3 Nd5 22. Bc4 Kh8 23. Nxd5 Bxd5 24. Bxd5 Qxd5 25. Bd2 Rxb2 26. Kf2 Qe6 27. Qc1 Qb6 28. Ke1 Bxd4 29. cxd4 Qxd4 30. Bc3 Qxc3+ 31. Qxc3+ Kg8 32. Qxb2 h5 33. Qb3+ Kh7 34. Qf7+ Kh8 35. Qxe8+ Kh7 36. Qe7+ Kh8 37. Kxe2 Kg8 38. Rd1 Kh8 39. Rd8# 1-0

[Event "Barcelona La Lira-C 15th"]
[Site "Barcelona"]
[Date "2012.07.21"]
[Round "1"]
[White "Clemente Rodriguez, Xavier"]
[Black "Lari, Ranim"]
[Result "1-0"]
[WhiteElo "1795"]
[BlackElo "1720"]
[PlyCount "75"]
[EventDate "2012.07.21"]
[EventType "tourn"]
[EventRounds "9"]
[EventCountry "ESP"]
[SourceTitle "EXT 2014"]
[Source "ChessBase"]
[SourceDate "2013.11.20"]
[SourceVersion "1"]
[SourceVersionDate "2013.11.20"]
[SourceQuality "1"]

1. d4 Nf6 2. c4 g6 3. Nc3 Bg7 4. Bg5 d6 5. Nf3 Nbd7 6. e3 0-0 7. Bd3 h6 8. Bh4 e5 9. dxe5 dxe5 10. 0-0 Re8 11. e4 b6 12. Nd5 Bb7 13. Re1 c6 14. Nxf6+ Nxf6 15. Bg3 Nh5 16. Bh4 g5 17. Bg3 Nxg3 18. hxg3 a6 19. Qb3 b5 20. Rad1 Qb6 21. cxb5 cxb5 22. Bc2 Rad8 23. Qc3 Rxd1 24. Rxd1 Rc8 25. Qb3 a5 26. Rd7 Rf8 27. Bd3 a4 28. Qb4 Qe6 29. Rxb7 Qxa2 30. Rxb5 Rd8 31. Rb8 Rf8 32. Nxe5 Rxb8 33. Qxb8+ Kh7 34. Nc4 Kg6 35. Qb6+ Kh5 36. Be2+ g4 37. Qc5+ Kg6 38. Qf5# 1-0